| 000 | 00548cam a22001815a 4500 | ||
|---|---|---|---|
| 001 | L157835 | ||
| 008 | 130531s2013 xxk 000 0 eng u | ||
| 035 | _a(Sirsi) u157835 | ||
| 041 | _aeng | ||
| 110 |
_aIngleby Trice _9675 |
||
| 245 |
_aCity floorspace survey _bApril 2013 |
||
| 260 |
_aLondon _bIngleby Trice _c2013 |
||
| 300 |
_a11p. _c30cm. |
||
| 520 | _aA monthly report which provides figures for floorspace availability and take up in the City and City Fringe. | ||
| 651 | 4 | _aLondon | |
| 690 |
_aCommercial property _96227 |
||
| 942 | _n0 | ||
| 999 |
_c114992 _d114992 |
||